00365nam a22001097a 4500008004100000020001500041082001600056100002000072245013200092260002200224300000900246230620b xxu||||| |||| 00| 0 eng d a9291420484 a323.34bIPU cLeandro Despouy aFunctioning and "Jurispudence" of the IPU committee on the Human Rights of the Parliamentariansb1 january 1977-4 february 1993 aGenevabIPUc1998 a288p